| 000 | 00000nam##2200000za#4500 |
| 001 | 9.620538 |
| 003 | CaOODSP |
| 005 | 20210615104130 |
| 007 | ta |
| 008 | 150406|2014||||xxc||||| f|0| 0 eng|d |
| 020 | |a978-1-100-23794-7 |
| 022 | |a0706-6473 |
| 040 | |aCaOODSP|beng |
| 043 | |an-cn--- |
| 086 | 1 |aFs97-4/3036E |
| 110 | 1 |aCanada. |bDepartment of Fisheries and Oceans. |
| 245 | 10|aPreliminary assessment of the sensitivity of west coast Vancouver Island marine species to climate change / |c[by] K.L. Hunter, K.M. Gillespie, T.M. Brydges, and J.R. Irvine. |
| 260 | |aNanaimo - British Columbia : |bFisheries and Oceans Canada |c2014. |
| 300 | |av, 87p. : |bfigs., graphs, map, references, tables ; |c28 cm. |
| 490 | 1 |aCanadian manuscript report of fisheries and aquatic sciences|x0706-6473|vNo. 3036 |
| 520 | 3 |aEstablishing priorities associated with maintaining healthy ecosystems and viable fisheries under climate change is a challenging task facing resource managers with limited resources. This study adapted a climate change risk framework developed and used in Australia and applied it to 43 west coast Vancouver Island (WCVI) marine species to assess their sensitivity to climate change. |
| 546 | |a(Résumé en français) |
| 563 | |aSoftcover |
| 590 | |a15-04|b2015-01-23 |
| 690 | 07|aClimate change|2gcpds |
| 776 | 0#|tPreliminary assessment of the sensitivity of west coast Vancouver Island marine species to climate change / |w(CaOODSP)9.579814 |
| 830 | #0|aCanadian manuscript report of fisheries and aquatic sciences,|x0706-6473|vNo. 3036|w(CaOODSP)9.514688 |